| 000 | 00686nam a2200205 i 4500 | ||
|---|---|---|---|
| 001 | 42832 | ||
| 003 | ES-MaACL | ||
| 005 | 20250822050253.0 | ||
| 007 | t| | ||
| 008 | 030314s1963 sp f |||| | spa d | ||
| 080 | _a821.134.2-34"19" | ||
| 100 | 1 |
_aCela, Camilo José, _d1916-2002 _937336 |
|
| 245 | 1 | 0 |
_aOnce cuentos de fútbol / _cCamilo José Cela ; ilustrados con once pinturas de Pepe [José Sáinz González]. |
| 260 |
_a[Madrid] : _bEditora Nacional, _c[1963] |
||
| 300 |
_a81 p., [11] h. de lám. col. ; _c27 cm. |
||
| 650 | 7 |
_aFútbol _2embne _913019 |
|
| 700 | 1 |
_aSáinz González, José. _9174019 |
|
| 852 | 4 |
_aES-MaACL _jC-24403 _z- Enc. en tela |
|
| 999 |
_c42832 _d42832 |
||